000 00455nam a2200145Ia 4500
003 OSt
005 20260130153833.0
008 211028s2018 xx 000 0 und d
040 _cAIMIT LIBRARY
041 _aeng
100 _aCrasta, Vijitha Grenilla; Rose, Swapna.
_g1616218
_97970
245 _aStudy on effect of downsizing on employee stress with special reference to audi Mangalore /
260 _aMangalore
_bSwapna Rose.
_c2018
942 _2ddc
_cPRO
999 _c219538
_d219538